[Event "Montenegro Festival Mix-01 2021"]
[Site "Podgorica"]
[Date "2021.03.24"]
[Round "8.1"]
[White "Sanal, Vahap"]
[Black "Blagojevic, Dragisa"]
[Result "1-0"]
[WhiteElo "2571"]
[BlackElo "2489"]
[Annotator "RC"]
[PlyCount "137"]
[EventDate "2021.02.26"]
[EventType "swiss"]
[EventCountry "MNE"]
[SourceTitle "playchess.com"]
[Source "ChessBase"]
[SourceQuality "1"]
[TimeControl "40/5400+30:900+30"]

1. e4 {[%emt 0:00:57]} e5 {[%emt 0:00:00]} 2. Nf3 {[%emt 0:00:21]} Nc6 {[%emt 0:00:00]} 3. Bb5 {[%emt 0:00:11]} a6 {[%emt 0:00:03]} 4. Ba4 {[%emt 0:00:06]} Nf6 {[%emt 0:00:08]} 5. O-O {[%emt 0:00:18]} Be7 {[%emt 0:00:08]} 6. Re1 {[%emt 0:00:18]} b5 {[%emt 0:00:20]} 7. Bb3 {[%emt 0:00:10]} d6 {[%emt 0:00:09]} 8. c3 {[%emt 0:00:06]} O-O {[%emt 0:00:05]} 9. h3 {[%emt 0:00:06]} Na5 {[%emt 0:02:15]} 10. Bc2 {[%emt 0:01:11]} c5 {[%emt 0:01:45]} 11. d4 {[%emt 0:00:08]} Nd7 {[%emt 0:00:05]} 12. d5 {[%emt 0:00:35]} Nb6 {[%emt 0:00:46]} 13. b3 {[%emt 0:08:34]} f5 {[%emt 0:01:10]} 14. exf5 {[%emt 0:10:08]} Bxf5 {[%emt 0:00:07]} 15. Bxf5 {[%emt 0:05:46]} Rxf5 {[%emt 0:00:07]} 16. Na3 {[%emt 0:00:59]} Qd7 {[%emt 0:04:31]} 17. Re4 {[%emt 0:02:32]} Raf8 {[%emt 0:04:20]} 18. c4 {[%emt 0:13:24]} Rxf3 {[%emt 0:22:39]} 19. gxf3 {[%emt 0:00:46]} Qxh3 {[%emt 0:00:12]} 20. Qf1 {[%emt 0:17:07]} Qxf3 {[%emt 0:03:03]} 21. Qe2 {[%emt 0:01:30]} Qh3 {[%emt 0:13:11]} 22. Qg4 {[%emt 0:02:21]} Qc3 {[%emt 0:08:49]} 23. Rb1 {[%emt 0:01:46]} Rf6 {[%emt 0:18:01]} 24. Re3 {[%emt 0:12:36]} Qd4 {[%emt 0:00:06]} 25. Qxd4 {[%emt 0:00:06]} cxd4 {[%emt 0:00:03]} 26. Rg3 {[%emt 0:00:11]} bxc4 {[%emt 0:07:21]} 27. bxc4 {[%emt 0:00:19]} Nd7 {[%emt 0:00:58]} 28. Bd2 {[%emt 0:02:27]} Bd8 {[%emt 0:00:07]} 29. Rb4 {[%emt 0:02:02]} Nc5 {[%emt 0:03:32]} 30. Rb8 {[%emt 0:00:49]} Nab7 {[%emt 0:00:13]} 31. Rb3 {[%emt 0:04:30]} Nxb3 {[%emt 0:01:43]} 32. axb3 {[%emt 0:00:02]} Rf7 {[%emt 0:00:20]} 33. c5 {[%emt 0:00:32]} dxc5 {[%emt 0:05:11]} 34. Nc4 {[%emt 0:00:03]} Rd7 {[%emt 0:01:07]} 35. d6 {[%emt 0:01:22]} h6 {[%emt 0:00:43]} 36. Nxe5 {[%emt 0:00:27]} Rxd6 {[%emt 0:00:10]} 37. Rxb7 {[%emt 0:00:07]} Rd5 {[%emt 0:01:24]} 38. Nd3 {[%emt 0:02:02]} Bg5 {[%emt 0:01:29]} 39. Be1 {[%emt 0:00:34]} Rd6 {[%emt 0:00:56]} 40. Ba5 {[%emt 0:00:00]} Rc6 {[%emt 0:00:00]} 41. Ne5 {[%emt 0:11:04]} Re6 {[%emt 0:03:15]} 42. Rb8+ {[%emt 0:02:37]} Kh7 {[%emt 0:00:14]} 43. Nd3 {[%emt 0:02:39]} Rc6 {[%emt 0:02:18]} 44. Ne5 {[%emt 0:00:56]} Re6 {[%emt 0:00:10]} 45. Nd7 {[%emt 0:00:07]} Rc6 {[%emt 0:05:43]} 46. Nf8+ {[%emt 0:00:28]} Kg8 {[%emt 0:00:09]} 47. Ng6+ {[%emt 0:00:33]} Kh7 {[%emt 0:00:20]} 48. Nf8+ {[%emt 0:00:02]} Kg8 {[%emt 0:00:07]} 49. Ne6+ {[%emt 0:00:06]} Kf7 {[%emt 0:01:44]} 50. Nxg5+ {[%emt 0:00:05]} hxg5 {[%emt 0:00:04]} 51. Rb7+ {[%emt 0:00:55]} Ke6 {[%emt 0:02:39]} 52. Rxg7 {[%emt 0:00:09]} Kf5 {[%emt 0:01:54]} 53. Kf1 {[%emt 0:00:34]} c4 {[%emt 0:00:19]} 54. bxc4 {[%emt 0:00:07]} Rxc4 {[%emt 0:00:02]} 55. Bd2 {[%emt 0:00:16]} Ke4 {[%emt 0:02:08]} 56. Ke2 {[%emt 0:00:06]} d3+ {[%emt 0:00:30]} 57. Ke1 {[%emt 0:00:41]} Ra4 {[%emt 0:01:28]} 58. Re7+ {[%emt 0:00:06]} Kf5 {[%emt 0:01:51]} 59. Be3 {[%emt 0:00:38]} a5 {[%emt 0:01:01]} 60. Kd2 {[%emt 0:00:12]} Ra3 {[%emt 0:00:03]} 61. Rd7 {[%emt 0:00:17]} a4 {[%emt 0:00:13]} 62. Rd4 {[%emt 0:00:29]} Ra1 {[%emt 0:01:23]} 63. Rxd3 {[%emt 0:01:06]} g4 {[%emt 0:00:50]} 64. Rd5+ {[%emt 0:00:11]} Ke6 {[%emt 0:00:24]} 65. Rg5 {[%emt 0:00:21]} Rg1 {[%emt 0:00:19]} 66. Bf4 {[%emt 0:00:49]} a3 {[%emt 0:00:48]} 67. Ra5 {[%emt 0:00:06]} Ra1 {[%emt 0:00:24]} 68. Bg3 {[%emt 0:00:14]} Kd7 {[%emt 0:00:08]} 69. Ra6 {[%emt 0:00:10]} 1-0

[Event "Montenegro Festival Mix-01 2021"]
[Site "Podgorica"]
[Date "2021.03.24"]
[Round "8.2"]
[White "Tomic, Aleksandar"]
[Black "Delchev, Aleksander"]
[Result "*"]
[WhiteElo "2360"]
[BlackElo "2526"]
[Annotator "RC"]
[PlyCount "31"]
[EventDate "2021.02.26"]
[EventType "swiss"]
[EventCountry "MNE"]
[SourceTitle "playchess.com"]
[Source "ChessBase"]
[SourceQuality "1"]
[TimeControl "40/5400+30:900+30"]

1. d4 {[%emt 0:14:24]} Nf6 {[%emt 0:01:47]} 2. c4 {[%emt 0:02:20]} e6 {[%emt 0:00:03]} 3. Nf3 {[%emt 0:00:18]} d5 {[%emt 0:00:29]} 4. Nc3 {[%emt 0:00:26]} c6 {[%emt 0:00:17]} 5. Bg5 {[%emt 0:00:36]} Nbd7 {[%emt 0:00:05]} 6. e3 {[%emt 0:00:31]} Qa5 {[%emt 0:00:05]} 7. cxd5 {[%emt 0:00:39]} Nxd5 {[%emt 0:00:07]} 8. Qb3 {[%emt 0:00:28]} Bb4 {[%emt 0:23:01]} 9. Rc1 {[%emt 0:00:31]} h6 {[%emt 0:06:18]} 10. Bh4 {[%emt 0:00:30]} c5 {[%emt 0:00:06]} 11. a3 {[%emt 0:04:56]} Bxc3+ {[%emt 0:00:11]} 12. bxc3 {[%emt 0:00:08]} cxd4 {[%emt 0:01:07]} 13. exd4 {[%emt 0:00:48]} O-O {[%emt 0:00:06]} 14. Bg3 {[%emt 0:02:04]} N7f6 {[%emt 0:05:45]} 15. Bd3 {[%emt 0:04:11]} Nh5 {[%emt 0:01:07]} 16. O-O {[%emt 1:05:10]} *

[Event "Montenegro Festival Mix-01 2021"]
[Site "Podgorica"]
[Date "2021.03.24"]
[Round "8.4"]
[White "Thybo, Jesper Sondergaard"]
[Black "Djukic, Nikola"]
[Result "1-0"]
[WhiteElo "2572"]
[BlackElo "2521"]
[Annotator "TA"]
[PlyCount "37"]
[EventDate "2021.02.26"]
[EventType "swiss"]
[EventCountry "MNE"]
[SourceTitle "playchess.com"]
[Source "ChessBase"]
[SourceQuality "1"]

{[%evp 11,37,14,15,14,18,13,18,14,20,5,12,0,11,8,70,48,87,75,71,87,192,41,33,20,403,402,390,364]} 1. d4 Nf6 2. c4 g6 3. Nc3 d5 4. Bg5 Bg7 5. Bxf6 Bxf6 6. cxd5 c6 7. e4 {D80: Grünfeld: Unusual White 4th moves and 4 Bg5.} O-O {7...cxd5 is more fashionable.} 8. e5 Bg7 9. Bc4 {The position is equal.} b5 10. Bb3 b4 11. Nce2 cxd5 12. h4 h6 {[#]} (12... Nc6 $11) 13. Rc1 $5 $146 {[%mdl 8] White is pushing. New and interesting.} ({Predecessor:} 13. Nf4 e6 14. Nf3 Ba6 15. Rc1 Nd7 16. Nd3 Qe7 17. Qd2 Bxd3 18. Qxd3 Rfc8 19. O-O {½-½ (30) Wojtaszek,R (2727)-Tari,A (2556) Caleta 2016}) 13... a5 14. h5 $1 g5 15. f4 $1 {[%cal Rf4g5] Threatens to win with fxg5.} e6 {[#]} (15... g4 $16) 16. fxg5 $2 (16. Rxc8 $1 $18 {[%mdl 512]} Qxc8 17. fxg5) 16... Qxg5 17. Kf2 f6 $2 {[%mdl 8192]} (17... Qd8 $11 {and Black has nothing to worry.}) 18. Nf3 $18 fxe5 {[#] Strongly threatening ...Nd7.} 19. Rxc8 $1 {[%mdl 512] Weighted Error Value: White=0.14/Black=0.66} 1-0

[Event "Montenegro Festival Mix-01 2021"]
[Site "Podgorica"]
[Date "2021.03.24"]
[Round "8.5"]
[White "Vujovic, Savo"]
[Black "Nikcevic, Nebojsa"]
[Result "0-1"]
[WhiteElo "2187"]
[BlackElo "2412"]
[Annotator "TA"]
[PlyCount "104"]
[EventDate "2021.02.26"]
[EventType "swiss"]
[EventCountry "MNE"]
[SourceTitle "playchess.com"]
[Source "ChessBase"]
[SourceQuality "1"]

{[%evp 17,104,49,45,5,23,18,21,0,13,20,15,0,31,0,56,56,49,57,60,0,0,0,0,-13,0,0,0,0,0,11,13,20,0,-25,-22,-22,-22,-22,-30,-56,0,0,0,-28,-28,-409,-409,-406,-403,-317,-181,-183,-179,-185,-176,-179,-145,-145,-155,-158,-154,-353,-49,-222,-195,-174,-169,-229,-211,-188,-198,-178,-175,-212,-232,-226,-212,-179,-51,-432,-455,-651,-639,-617,-599,-710,-684,-675,-647]} 1. e4 c5 2. Nf3 g6 3. d4 cxd4 4. Nxd4 Bg7 5. c4 Nc6 6. Be3 Nf6 7. Nc3 Ng4 8. Qxg4 Nxd4 9. Qd1 Ne6 10. c5 {[#] B39: Sicilian: Maroczy Bind with 5...Bg7 and 7...Ng4.} O-O $146 ({Predecessor:} 10... Qa5 11. Rc1 Nxc5 12. Bxc5 Qxc5 13. Nd5 Qa5+ 14. b4 Qa3 15. Nc7+ Kd8 16. Nxa8 Qxb4+ 17. Qd2 Qxd2+ 18. Kxd2 {0-1 (49) Sikorsky,H (2110)-Kraft,H (2055) Bayern 2004}) 11. Qd5 Rb8 12. Be2 {The position is equal.} b6 13. cxb6 axb6 14. O-O d6 15. f3 Bd7 (15... Bxc3 $11 16. bxc3 Qc7) 16. Qd2 $14 b5 17. Nd5 f5 18. Bh6 (18. Bd3 $14) 18... Bxh6 $11 19. Qxh6 Nd4 {[%cal Be6d4,Bd4c6,Bc6e5][%mdl 32]} 20. Bd3 e6 21. Qe3 Nc6 22. Nc3 {[%cal Bd5c3,Bc3e2,Be2f4][%mdl 32]} b4 23. Ne2 Qb6 24. Qxb6 Rxb6 25. Nf4 g5 26. Nh3 Ne5 27. Bc2 g4 28. fxg4 fxg4 (28... Rc8 $15 29. Bb3 fxe4) 29. Rxf8+ Kxf8 30. Rf1+ Ke7 31. Ng5 {[%mdl 8192]} (31. Nf4 $11 {and White stays safe.}) 31... h6 $19 32. Nh7 Bb5 33. Rf2 Be8 (33... Ra6 $142 34. Bb3 Rc6) 34. Nf6 {[#]} Bf7 35. Bd1 h5 36. Nh7 Rc6 37. Ng5 Rc1 38. Rf1 Bg8 39. Bb3 $2 (39. a3 $17) 39... Nd3 $2 (39... Rxf1+ $19 40. Kxf1 h4) 40. a4 $2 ({White must play} 40. Rxc1 $15 Nxc1 41. e5) 40... bxa3 41. bxa3 {intending Rxc1.} Rc3 42. Rb1 (42. Ba4 $142) 42... Kf6 43. h4 Nc5 44. Bd1 Rxa3 45. Rb8 {[#]} Ra1 $1 46. Rxg8 {Strongly threatening Rf8+.} Rxd1+ {[%mdl 4096] Endgame KRN-KRN} 47. Kh2 {[#]} Rd4 ({Better is} 47... Ke5 $1 $19 48. Rg6 Re1) 48. Nh7+ $2 {[%mdl 8192]} (48. Rh8 $15) 48... Kf7 {Black is clearly winning.} 49. Rg5 (49. Rc8 $142 Nxe4 50. Ng5+ Nxg5 51. hxg5) 49... Nxe4 50. Ra5 Rd1 51. Ra7+ Kg6 {( -> ...g3+)} 52. Nf8+ Kf6 {Weighted Error Value: White=0.62/Black=0.30} 0-1

[Event "Montenegro Festival Mix-01 2021"]
[Site "Podgorica"]
[Date "2021.03.24"]
[Round "8.6"]
[White "Injac, Teodora"]
[Black "Djurovic, Peko"]
[Result "1-0"]
[WhiteElo "2319"]
[BlackElo "2062"]
[Annotator "TA"]
[PlyCount "53"]
[EventDate "2021.02.26"]
[EventType "swiss"]
[EventCountry "MNE"]
[SourceTitle "playchess.com"]
[Source "ChessBase"]
[SourceQuality "1"]

{[%evp 23,53,20,19,19,21,-20,31,30,40,0,26,-18,-33,-46,-41,-70,-14,-18,-17,-15,-5,-18,-20,-18,-10,-10,-12,-6,20,30,517,501]} 1. d4 d5 2. Nf3 Nf6 3. c4 e6 4. g3 Be7 5. Bg2 O-O 6. Qc2 Nbd7 7. O-O c6 8. Nbd2 b6 9. e4 dxe4 10. Nxe4 Nxe4 11. Qxe4 Bb7 12. Rd1 Qc8 13. Ng5 {[%csl Gg5][%cal Re4h7] E09: Closed Catalan: Main Line: 7 Qc2 c6 8 Nbd2.} Nf6 {[#]} 14. Qe3 $146 ({Predecessor:} 14. Qf3 Rd8 15. Be3 Rd7 16. c5 Qf8 17. Rac1 Rad8 18. Qe2 Nd5 19. Qc2 g6 20. Bd2 Nb4 21. Bxb4 Bxg5 {½-½ (46) Pashikian,A (2650)-Ter Sahakyan,S (2480) Martuni 2009}) 14... Rd8 (14... c5 $11) 15. Bh3 $14 {[%cal Rg5e6] White is slightly better.} Rd6 16. b4 Qd8 17. Bg2 h6 18. Nh3 Rd7 19. Rb1 c5 ({Better is} 19... a5 $15 20. a3 axb4 21. axb4 Ra4) 20. Bxb7 $11 ({Much worse is} 20. bxc5 Bxg2 21. Kxg2 bxc5 $17) 20... Rxb7 21. bxc5 {[#]} Bxc5 $1 22. Qf3 (22. Bb2 Rd7) 22... Rd7 23. Be3 Be7 24. Nf4 Rc8 25. Nd3 Rxc4 {And now ...Rdc7 would win.} 26. Ne5 {[%mdl 64] [#] Double Attack} Rcxd4 {[%mdl 8192]} (26... Ra4 $11 {and Black stays safe.}) 27. Rxd4 {Weighted Error Value: White=0.13/Black=0.65} 1-0

[Event "Montenegro Festival Mix-01 2021"]
[Site "Podgorica"]
[Date "2021.03.24"]
[Round "8.7"]
[White "Alivodic, Dario"]
[Black "Kisic, Bozidar"]
[Result "1/2-1/2"]
[WhiteElo "2189"]
[BlackElo "2233"]
[Annotator "TA"]
[PlyCount "124"]
[EventDate "2021.02.26"]
[EventType "swiss"]
[EventCountry "MNE"]
[SourceTitle "playchess.com"]
[Source "ChessBase"]
[SourceQuality "1"]

{[%evp 9,124,-12,44,44,42,43,39,41,53,10,20,14,17,16,11,10,20,0,17,1,41,44,69,35,39,43,109,111,456,125,130,127,413,405,433,435,692,675,656,257,242,147,142,142,173,171,127,145,129,122,97,103,102,83,154,77,80,85,91,69,70,56,82,47,159,148,148,148,148,148,159,159,184,180,224,215,231,221,227,238,238,238,204,218,237,221,339,362,352,346,334,330,301,289,275,100,406,377,213,8,8,8,1193,1085,682,592,592,8,8,8,8,8,8,8,8,8,8]} 1. d4 d5 2. e3 Nf6 3. Nf3 Bf5 4. c4 e6 5. Bd3 Ne4 (5... dxc4 $11 6. Bxf5 exf5) 6. O-O {D06: Queen's Gambit: Symmetrical and Baltic Defences.} c6 7. Nc3 Nd7 8. Qc2 {[%cal Rc3e4] White is slightly better.} Nxc3 9. bxc3 Bxd3 10. Qxd3 {[#]} Qa5 $146 ({Predecessor:} 10... Bd6 11. cxd5 cxd5 12. c4 dxc4 13. Qxc4 O-O 14. Bd2 Rc8 15. Qb3 Qb6 16. Rfc1 Qa6 {1-0 (43) Shumilov,I (2175)-Moiseev,I (2246) Kiev 2006}) 11. cxd5 cxd5 12. e4 Rc8 13. Rb1 Nb6 (13... Qxc3 $6 14. Qxc3 Rxc3 15. exd5 $16) 14. Bd2 dxe4 15. Qxe4 Qa6 16. Rfe1 {aiming for Ng5.} Be7 17. Bg5 $36 {[%mdl 2048] White fights for an advantage.} Bxg5 ({Black should play} 17... Bd6 $14) 18. Nxg5 $16 Qxa2 {[%mdl 8192]} (18... Qc4 $16 {is a better chance.}) 19. Qxb7 $2 (19. Qf5 $1 $18 Rc7 20. Qe5 {[%mdl 64] Double Attack}) 19... O-O 20. Qe4 {[%csl Gg5][%cal Re4h7]} g6 $2 {[%mdl 8192]} (20... f5 $16 21. Qb7 (21. Qxe6+ Qxe6 22. Nxe6 Rf7 $16) 21... Rb8) 21. Qh4 $18 {[%csl Gg5][%cal Rh4h7]} h5 22. g4 $1 Kg7 (22... f6 $142) 23. gxh5 Qd2 24. h6+ $2 (24. hxg6 Rh8 25. Qg3) 24... Kh8 25. Rbd1 Qxc3 26. Ne4 {Intending Qf6+ and mate.} g5 27. Qxg5 {[%csl Gh6][%cal Rg5g7]} ({Not} 27. Nxc3 gxh4 28. Ne4 Kh7 $15) 27... Qxe1+ 28. Rxe1 {[%csl Gh6][%cal Rg5g7]} Rg8 29. Kf1 {White wants to mate with Qf6+.} Rxg5 30. Nxg5 $16 {[%mdl 4096] Endgame KRN-KRN} Kg8 31. Ra1 Ra8 (31... Rc7 $142) 32. Ra3 (32. Ra6 $142) 32... a5 33. Rh3 {Black must now prevent h7+.} Ra7 34. Rb3 Rb7 35. h7+ Kg7 36. Nxf7 Kxh7 (36... Rxf7 $14 37. Rxb6 Rd7) 37. Nd6 Rb8 {[#]} 38. Nc4 $1 {[%mdl 512]} a4 39. Rb4 ({Don't go for} 39. Rxb6 $2 Rxb6 40. Ke2 (40. Nxb6 $2 {too greedy.} a3 $19) 40... Rb3 $19) 39... Nd7 40. Rxa4 {And now Ra7 would win.} Kg6 41. Ra6 Kf5 42. Ne3+ Kf6 43. d5 Nf8 44. Kg2 Ke5 45. dxe6 Nxe6 46. h4 Rg8+ 47. Kh2 $1 Rh8 (47... Nf4 $142 48. f3 Rf8 49. Ng4+ Kd5) 48. Kg3 $18 Ng7 49. Kg4 Ne6 {Now ...Rg8+ and Black clings on.} 50. Ra5+ Ke4 {Black hopes to continue with ...Rg8+.} 51. Ra4+ Kd3 52. h5 $2 (52. Nd5 $18 {and White stays clearly on top.}) 52... Rg8+ $2 {[%mdl 8192]} (52... Ng7 $16 {is more resistant.}) 53. Kf5 Nd4+ 54. Rxd4+ $2 Kxd4 {KR-KN} 55. Ng4 Kd3 $2 {[%mdl 8192]} (55... Ra8 $11) 56. h6 Ke2 {[#]} 57. f4 $1 Rh8 {[#] intending ...Kf3.} 58. Kg5 $2 (58. Kg6 $1 $18 Rg8+ 59. Kf7 Rxg4 60. f5) 58... Kf3 $11 {The position is equal.} 59. Ne5+ Ke4 60. Ng6 Rh7 61. f5 Rxh6 $1 62. Kxh6 {f6 would kill now.} Kxf5 {Weighted Error Value: White=0.43/Black=0.40} 1/2-1/2

[Event "Montenegro Festival Mix-01 2021"]
[Site "Podgorica"]
[Date "2021.03.24"]
[Round "8.8"]
[White "Sukovic, Andrej"]
[Black "Pobor, Milo"]
[Result "1/2-1/2"]
[WhiteElo "2282"]
[BlackElo "2105"]
[Annotator "TA"]
[PlyCount "58"]
[EventDate "2021.02.26"]
[EventType "swiss"]
[EventCountry "MNE"]
[SourceTitle "playchess.com"]
[Source "ChessBase"]
[SourceQuality "1"]

{[%evp 22,58,0,0,23,28,50,45,51,28,33,34,31,29,31,22,14,0,16,17,11,10,65,65,66,62,66,60,72,24,29,10,7,0,0,0,0,-5,21]} 1. e4 c5 2. Nf3 Nc6 3. d4 cxd4 4. Nxd4 Nf6 5. Nc3 e5 6. Ndb5 d6 7. Bg5 a6 8. Na3 b5 9. Nd5 Be7 10. Bxf6 Bxf6 11. Nb1 O-O 12. a4 bxa4 {B33: Sicilian: Pelikan and Sveshnikov Variations.} 13. Rxa4 a5 14. Bc4 Bg5 {[#] White is slightly better.} 15. Nbc3 $146 ({Predecessor:} 15. b4 Bd7 16. b5 Nd4 17. Qd3 Nxb5 18. O-O Nd4 19. Ra2 Bc6 20. Nbc3 Kh8 21. f4 {1-0 (71) Vrbljanac,T (2198)-Vujanovic,A (2220) Belgrade 2004}) 15... Kh8 16. O-O f5 17. exf5 Bxf5 18. Bd3 Be6 19. Be4 Rb8 20. b3 Nb4 21. Nxb4 (21. Qe2 {keeps more tension.} Nc6 22. Nb5 Bxd5 23. Bxd5 Nb4 24. Nc3) 21... axb4 (21... Rxb4 $11 22. Rxb4 axb4) 22. Nd5 $14 Bxd5 23. Qxd5 Qb6 24. Raa1 {[%cal Ba4a1,Ba1d1,Bd1d3][%mdl 32]} Rbc8 {[%cal Bb8c8,Bc8c5,Bc5a5][%mdl 32]} 25. Rad1 Rf6 26. Rd3 g6 {The position is equal.} 27. Rdd1 Kg7 28. Kh1 Rc5 29. Qa8 Ra5 {Weighted Error Value: White=0.08/Black=0.09} 1/2-1/2

[Event "Montenegro Festival Mix-01 2021"]
[Site "Podgorica"]
[Date "2021.03.25"]
[Round "9.1"]
[White "Nikcevic, Nebojsa"]
[Black "Sanal, Vahap"]
[Result "0-1"]
[WhiteElo "2412"]
[BlackElo "2571"]
[Annotator "TA"]
[PlyCount "106"]
[EventDate "2021.02.26"]
[EventType "swiss"]
[EventCountry "MNE"]
[SourceTitle "playchess.com"]
[Source "ChessBase"]
[SourceQuality "1"]

{[%evp 9,106,0,2,2,6,6,9,10,2,-10,6,0,8,17,24,16,9,6,5,0,0,0,10,-11,0,0,0,0,26,-71,-75,-81,-66,-106,-107,-99,-51,-53,-54,-53,-54,-66,-60,-51,-43,-39,-44,-58,-48,-45,-40,-66,-31,-39,-37,-67,-67,-70,-69,-77,-63,-270,-265,-264,-248,-256,-258,-267,-252,-333,-325,-300,-327,-317,-264,-341,-243,-243,-216,-389,-284,-345,-286,-297,-297,-333,-300,-697,-687,-690,-690,-690,-672,-658,-658,-646,-639,-625,-593]} 1. Nf3 d5 2. d4 Nf6 3. c4 e6 4. e3 Be7 5. Nbd2 O-O 6. b3 {D30: Queen's Gambit Declined: Systems without Nc3.} c5 7. Bb2 b6 $5 {[%mdl 4] [#] Leaves trodden paths.} 8. dxc5 $146 {The position is equal.} ({Predecessor:} 8. Bd3 Bb7 9. O-O Nbd7 10. Qe2 Rc8 11. e4 dxe4 12. Nxe4 Nxe4 13. Bxe4 Bxe4 14. Qxe4 Nf6 15. Qe2 cxd4 16. Nxd4 Rc7 17. Rad1 Qa8 18. Rd3 {½-½ (67) Maly,A (2371)-Garcia Cardenas,P (2422) chess.com INT 2020}) 8... bxc5 9. Be2 Bb7 10. O-O Nbd7 11. Qc2 Rc8 12. Rfd1 Qb6 13. cxd5 exd5 14. Ne5 Nxe5 15. Bxe5 Rfe8 16. Qb2 Bd8 17. Rac1 Qe6 18. Bg3 d4 19. Bf3 (19. Bc4 $11 Qg4 20. exd4) 19... Bxf3 $17 20. Nxf3 dxe3 21. Re1 Nd5 $1 22. fxe3 Bf6 ({Stronger than} 22... Nxe3 23. Bf2 $16) 23. Qd2 Nb4 {And now ...Rcd8 would win.} ({Worse is} 23... Nxe3 24. Bf2 $16) 24. Qe2 Rcd8 {Hoping for ...Nd3.} 25. Red1 Rxd1+ 26. Rxd1 h6 27. Bf2 Nd5 {White must now prevent ...Nc3.} 28. Qc4 Nc3 29. Qxe6 Rxe6 30. Rd7 Ra6 31. a4 Ne4 32. Rc7 Rb6 33. Rxa7 Rxb3 34. a5 c4 {Strongly threatening ...c3.} 35. Rc7 $2 {Loses the game.} (35. Be1 $1 $15) 35... Rb1+ $19 36. Be1 {[#]} Bc3 $1 {[%cal Rc3e1]} 37. Kf1 Bxa5 38. Rc8+ Kh7 39. Ke2 {[#]} Rb2+ $1 40. Kf1 Bxe1 41. Nxe1 {[%mdl 4096] Endgame KRN-KRN} c3 42. Nf3 Rf2+ 43. Kg1 Re2 44. h4 $2 (44. Kf1 {is a better defense.} Rxe3 45. Ne1) 44... Rxe3 45. h5 Re2 46. Kh2 Ra2 47. Kh3 Ra5 48. g4 $2 (48. Kg4) 48... Rc5 {Black is clearly winning.} 49. Rxc5 Nxc5 50. Ne1 Kg8 51. Kg3 Kf8 52. Kf4 Ke7 53. Ke5 Nd7+ {Weighted Error Value: White=0.34/Black=0.12} 0-1

[Event "Montenegro Festival Mix-01 2021"]
[Site "Podgorica"]
[Date "2021.03.25"]
[Round "9.3"]
[White "Blagojevic, Dragisa"]
[Black "Thybo, Jesper Sondergaard"]
[Result "1/2-1/2"]
[WhiteElo "2489"]
[BlackElo "2572"]
[Annotator "TA"]
[PlyCount "79"]
[EventDate "2021.02.26"]
[EventType "swiss"]
[EventCountry "MNE"]
[SourceTitle "playchess.com"]
[Source "ChessBase"]
[SourceQuality "1"]

{[%evp 19,79,11,14,0,4,4,4,8,7,18,14,6,21,11,11,14,8,0,20,22,19,39,16,6,10,10,8,1,1,1,1,1,1,1,1,1,8,8,16,0,0,0,0,0,0,0,0,0,0,0,0,0,0,0,0,0,0,0,0,0,0,0]} 1. d4 Nf6 2. c4 g6 3. Nf3 Bg7 4. g3 O-O 5. Bg2 d5 6. cxd5 Nxd5 7. O-O Nb6 8. Nc3 Nc6 9. e3 Re8 10. b3 {10.h3 is the modern continuation.} e5 11. Nxe5 {D76: Fianchetto Grünfeld: Main Line with 7...Nb6.} Nxe5 12. dxe5 Qxd1 13. Rxd1 Bxe5 14. Bb2 c6 15. Rd2 a5 16. Rad1 Bf5 17. Bf3 h5 18. Kg2 {[#]} Bg4 $146 ({Predecessor:} 18... Bg7 19. h3 a4 20. Nxa4 Nxa4 21. bxa4 Rxa4 22. Rd8 Rxd8 23. Rxd8+ Kh7 24. Bxg7 Kxg7 {½-½ (68) Fang,Y (2502)-Bai,J (2586) Xinghua 2018}) 19. h3 Bxf3+ 20. Kxf3 Kg7 21. g4 {The position is equal.} (21. Na4 {looks sharper.} Nxa4 22. bxa4 Re6 23. Bxe5+ Rxe5 24. Rc1) 21... hxg4+ 22. hxg4 a4 23. Nxa4 Nxa4 24. bxa4 Rxa4 {[#]} 25. Rd8 $1 Re6 26. Bxe5+ Rxe5 $11 {[%mdl 4096] Endgame KRR-KRR} 27. R1d7 b5 28. Rc7 Re6 29. Rd2 Rc4 30. Kg3 g5 31. Rd4 Rc2 32. Rd5 Rxf2 33. Rxg5+ Kf6 34. Rxb5 {Rxf7+! is the strong threat.} Rxa2 35. Rf5+ Kg6 36. Rfxf7 Rxe3+ 37. Kf4 Rf2+ 38. Kxe3 Rxf7 39. Rxc6+ Kg5 40. Rc4 {A rather calm draw.  Weighted Error Value: White=0.03/Black=0.02} 1/2-1/2

[Event "Montenegro Festival Mix-01 2021"]
[Site "Podgorica"]
[Date "2021.03.25"]
[Round "9.4"]
[White "Kisic, Bozidar"]
[Black "Tomic, Aleksandar"]
[Result "1/2-1/2"]
[WhiteElo "2233"]
[BlackElo "2360"]
[Annotator "TA"]
[PlyCount "82"]
[EventDate "2021.02.26"]
[EventType "swiss"]
[EventCountry "MNE"]
[SourceTitle "playchess.com"]
[Source "ChessBase"]
[SourceQuality "1"]

{[%evp 9,82,19,41,-17,-9,-12,-12,-2,-8,-16,36,-12,-10,-20,-16,-18,0,-8,27,0,44,41,35,30,32,46,37,0,0,0,0,0,0,-14,0,-12,-12,-16,-14,-14,0,0,0,-35,2,-6,0,0,0,0,0,0,0,-25,13,16,16,16,16,1,14,0,0,0,0,0,0,0,0,0,0,0,0,0,6]} 1. d4 e6 2. c4 Nf6 3. Nc3 d5 4. cxd5 Nxd5 5. Nf3 c5 6. dxc5 {D41: Queen's Gambit Declined: Semi-Tarrasch with 5 cxd5.} ({Better is} 6. e4 $14 Nxc3 7. bxc3) 6... Nxc3 $11 {[%csl Gc3][%cal Rd8d1] [#]} 7. Qxd8+ Kxd8 8. bxc3 Bxc5 9. g3 {[#]} b6 $146 (9... f6 $11) ({Predecessor:} 9... Nc6 10. Bg2 f6 11. O-O Bd7 12. Rb1 Kc7 13. Nd4 Rae8 14. Be3 Kc8 15. Nb5 Bxe3 {1-0 (32) Sipos,J (2033)-Wolosz,R (1998) Hungary 2006}) 10. Bg2 {[#] Hoping for Nh4.} Bb7 11. O-O Ke7 12. a4 Rc8 13. Rd1 Bd6 (13... f6 {looks sharper.} 14. a5 b5 15. Nd2 Bxg2 16. Kxg2 Rd8) 14. Ra2 Na6 15. Rad2 Rd8 16. Nd4 Bxg2 17. Kxg2 {Nc6+ is the strong threat.} Rac8 18. Nb5 {[%cal Rb5d6]} Bb8 19. Ba3+ Ke8 20. Rxd8+ Rxd8 21. Rxd8+ Kxd8 {[%mdl 4096] Endgame KBN-KBN} 22. Kf3 Kd7 23. Ke4 Nc7 24. c4 a6 25. Nd4 Ne8 26. Nb3 Bd6 27. Bb2 Bb4 28. Kd3 g6 29. e4 Nd6 30. Bd4 Kc6 31. Be3 Bc5 (31... e5 {seems wilder.} 32. Bg5 Ne8 33. f4 f6 34. Bh6 Bd6) 32. Bxc5 {The position is equal.} bxc5 {KN-KN} 33. e5 Nb7 34. a5 Kd7 35. Ke4 Ke7 36. f4 f5+ 37. Kf3 Kf7 38. Ke3 Kg7 39. Kf3 Kf7 40. Ke3 Kg7 41. Kf3 Kf7 {Weighted Error Value: White=0.09/Black=0.09} 1/2-1/2